Statistics for Name The Most Populous Place In Each Category

Click here to take the quiz!

General Stats

  • This quiz has been taken 73 times
  • The average score is 16 of 20

Answer Stats

QuestionAnswer% Correct
Country In the EUGermany
96%
City in OceaniaSydney
93%
City in TexasHouston
92%
Capital in North AmericaMexico City
89%
City in ScandinaviaStockholm
88%
City in ScotlandGlasgow
88%
City in AfricaCairo
88%
Capital in South AmericaBuenos Aires
86%
City in New ZealandAuckland
85%
Country in AfricaNigeria
85%
Country in NATOUSA
81%
Country in the Arab WorldEgypt
81%
City in the Southern HemisphereSao Paulo
79%
City in the Northern HemisphereTokyo
76%
City in PakistanKarachi
76%
Province in CanadaOntario
75%
Country in CommonwealthIndia
72%
Country on the EquatorIndonesia
65%
US State CapitalPhoenix
54%
State in IndiaUttar Pradesh
28%

Score Distribution

Percentile by Number Answered

Percent of People with Each Score

Your Score History

You have not taken this quiz